000 00667nam a2200205Ia 4500
003 GCL
005 20240530102352.0
008 140319s9999 xx 000 0 ara d
040 _aGCL /
_cGCL
082 0 4 _a377.51
_bق/ع ا
100 1 _aعبدالعزيز محمد الشناوى
245 1 0 _aالازهر جامعا وجامعة /
_cعبدالعزيز محمد الشناوى
250 _aالاولى
260 _aالقاهرة :
_bمكتبة الانجلوالمصرية ،
_c1983
300 _a334 ص ؛
_c24 سم
650 0 4 _aجامعة الازهر
650 0 4 _aالازهر (جامع)
650 0 4 _aالمساجد - مصر
942 _2ddc
_cBK
999 _c31757
_d31757